A history of European diplomacy, 1914-1925 / (Record no. 64745)
[ view plain ]
| 000 -LEADER | |
|---|---|
| fixed length control field | 00825nam a2200253 a 4500 |
| 001 - CONTROL NUMBER | |
| control field | 64745 |
| 003 - CONTROL NUMBER IDENTIFIER | |
| rucl marc code | BD-RJUL |
| 005 - DATE AND TIME OF LATEST TRANSACTION | |
| control field | 20211209081338.0 |
| 008 - FIXED-LENGTH DATA ELEMENTS--GENERAL INFORMATION | |
| fixed length control field | 170220s1931 enk 001 0 eng d |
| 035 ## - SYSTEM CONTROL NUMBER | |
| System control number | (BD-RJUL) 64875) |
| 040 ## - CATALOGING SOURCE | |
| Original cataloging agency | BD-RJUL |
| Transcribing agency | BD-RJUL |
| Modifying agency | BD-RJUL |
| Language of cataloging | eng |
| 041 ## - LANGUAGE CODE | |
| Language code of text/sound track or separate title | eng |
| 082 ## - DEWEY DECIMAL CLASSIFICATION NUMBER | |
| Edition number | 23 |
| Classification number | 940.27 |
| Author mark and year | MOH 1931 |
| 100 1# - MAIN ENTRY--PERSONAL NAME | |
| Personal name | Mowat, R. B. |
| Fuller form of name | (Robert Balmain), |
| Dates associated with a name | 1883-1941. |
| 9 (RLIN) | 191949 |
| 245 12 - TITLE STATEMENT | |
| Title | A history of European diplomacy, 1914-1925 / |
| Statement of responsibility, etc. | R.B. Mowat. |
| 260 ## - PUBLICATION, DISTRIBUTION, ETC. (IMPRINT) | |
| Place of publication, distribution, etc. | London : |
| Name of publisher, distributor, etc. | Edward Arnold, |
| Date of publication, distribution, etc. | 1931. |
| 300 ## - PHYSICAL DESCRIPTION | |
| Pagination | viii, 343 p. ; |
| Size | 23 cm. |
| 500 ## - GENERAL NOTE | |
| General note | Includes Index. |
| 650 #0 - SUBJECT ADDED ENTRY--TOPICAL TERM | |
| Topical term or geographic name as entry element | France |
| General subdivision | History. |
| 9 (RLIN) | 191950 |
| 651 #0 - SUBJECT ADDED ENTRY--GEOGRAPHIC NAME | |
| Geographic name | Europe |
| General subdivision | Foreign relations. |
| 9 (RLIN) | 172546 |
| Geographic name | Europe |
| General subdivision | Politics and government |
| Chronological subdivision | 1815-1871. |
| 9 (RLIN) | 191951 |
| Geographic name | Europe |
| General subdivision | Politics and government |
| Chronological subdivision | 1871-1918. |
| 9 (RLIN) | 191663 |
| 942 ## - ADDED ENTRY ELEMENTS (KOHA) | |
| Source of classification or shelving scheme | Dewey Decimal Classification |
| Koha item type | Books |
| Lost status | Source of classification or shelving scheme | Damaged status | Not for loan | Collection code | Permanent Location | Current Location | Shelving location | Date acquired | Source of acquisition | Cost, normal purchase price | Total Checkouts | Full call number | Date last seen | Copy number | Koha item type |
|---|---|---|---|---|---|---|---|---|---|---|---|---|---|---|---|
| Dewey Decimal Classification | Not For Loan | Non-fiction | Central Library, University of Rajshahi | Central Library, University of Rajshahi | Reading Room | 20/09/1955 | B.H.Blackwell. | 165.00 | 940.27 MOH 1931 | 20/02/2017 | C-1 | Books |